000 00365nam a2200157Ia 4500
005 20250703031708.0
008 240331s9999 xx 000 0 und d
020 _a9789559814023
082 _bDEV
_a891
100 _aDevapriya,M
245 0 _aNihon Sepa Labewa
260 _bAuthor's Publication
_c2012
300 _a248 p.,
650 _aRadio Drama
942 _cL
999 _c5828
_d5828